[Event "Sparkassen-Open A"]
[Site "Heusenstamm, Martinsee"]
[Date "2016.11.27"]
[Round "1.1"]
[White "Diez, Gerhard"]
[Black "Kunin, Vitaly"]
[Result "1/2-1/2"]
[WhiteElo "2016"]
[BlackElo "2590"]
[PlyCount "40"]
[EventDate "2016.??.??"]
[WhiteTeam "SC Bad Nauheim"]
[BlackTeam "Freibauer Mörlenbach"]

1. e4 c5 2. Nf3 Nf6 3. e5 Nd5 4. Nc3 Nxc3 5. dxc3 Nc6 6. Bf4 Qb6 7. Qc1 h6 8.
h4 d5 9. exd6 exd6 10. Bc4 Be6 11. Qe3 Nd8 12. O-O-O Be7 13. Rhe1 O-O 14. Qd3
Bxc4 15. Qxc4 Ne6 16. Bxh6 gxh6 17. Qg4+ Kh8 18. Qh5 Kg7 19. Qg4+ Kh8 20. Qh5
Kg7 1/2-1/2

[Event "Sparkassen-Open A"]
[Site "Heusenstamm, Martinsee"]
[Date "2016.11.27"]
[Round "1.2"]
[White "Michalik, Peter"]
[Black "Martin, Reiner"]
[Result "1-0"]
[WhiteElo "2550"]
[BlackElo "2014"]
[PlyCount "45"]
[EventDate "2016.??.??"]
[WhiteTeam "SK Schwäbisch Hall"]
[BlackTeam "SC Bad Soden"]

1. e4 c5 2. Nf3 e6 3. d4 cxd4 4. Nxd4 Nc6 5. Nc3 a6 6. Nxc6 bxc6 7. Bd3 d5 8.
O-O Nf6 9. b3 Bb4 10. Bb2 O-O 11. e5 Nd7 12. Na4 Qh4 13. c4 f6 14. exf6 Nxf6
15. Qe2 Bd6 16. g3 Qh3 17. f4 c5 18. Rae1 Ra7 19. Nb6 Re7 20. Be5 Bxe5 21. fxe5
Ng4 22. Rxf8+ Kxf8 23. Qf1+ 1-0

[Event "Sparkassen-Open A"]
[Site "Heusenstamm, Martinsee"]
[Date "2016.11.27"]
[Round "1.3"]
[White "Skarke, Harald"]
[Black "Korneev, Oleg"]
[Result "0-1"]
[WhiteElo "2013"]
[BlackElo "2582"]
[PlyCount "62"]
[EventDate "2016.??.??"]
[WhiteTeam "SF Neuberg"]
[BlackTeam "vereinslos"]

1. e4 c5 2. Nf3 e6 3. d3 Nc6 4. Nbd2 d5 5. g3 Bd6 6. Bg2 Nge7 7. O-O O-O 8. Ne1
b5 9. f4 c4 10. Nef3 Bb7 11. dxc4 bxc4 12. c3 a5 13. Qc2 a4 14. h3 h6 15. Kh2
Qc7 16. e5 Bc5 17. Re1 Nf5 18. Nf1 d4 19. g4 d3 20. Qd1 Nfe7 21. Be3 Bxe3 22.
Nxe3 Ng6 23. Nxc4 Nxf4 24. Nd6 Nxg2 25. Kxg2 Nxe5 26. Nxb7 Ng6 27. Re4 Qxb7 28.
Rb4 Qc7 29. Qd2 e5 30. Rh1 Rad8 31. Rxa4 Qc6 0-1

[Event "Sparkassen-Open A"]
[Site "Heusenstamm, Martinsee"]
[Date "2016.11.27"]
[Round "1.4"]
[White "Donchenko, Alexander"]
[Black "Will, Jens"]
[Result "1-0"]
[WhiteElo "2563"]
[BlackElo "2011"]
[PlyCount "59"]
[EventDate "2016.??.??"]
[WhiteTeam "DJK Aufwärts Aachen"]
[BlackTeam "SK Gernsheim"]

1. d4 Nf6 2. c4 g6 3. f3 d5 4. cxd5 Nxd5 5. e4 Nb6 6. Nc3 Bg7 7. Be3 Nc6 8. d5
Ne5 9. f4 Ng4 10. Bc5 c6 11. Be2 h5 12. dxc6 Qxd1+ 13. Rxd1 bxc6 14. Nf3 Be6
15. h3 Bxc3+ 16. bxc3 Nf6 17. Nd2 Na4 18. Bd4 O-O 19. Rc1 Rfb8 20. g4 Rb2 21.
f5 Rxd2 22. Kxd2 Nxe4+ 23. Ke3 gxf5 24. Rhg1 hxg4 25. hxg4 Kf8 26. Rh1 f6 27.
gxf5 Ng3 28. fxe6 Nxh1 29. Rxh1 Kg7 30. Rg1+ 1-0

[Event "Sparkassen-Open A"]
[Site "Heusenstamm, Martinsee"]
[Date "2016.11.27"]
[Round "1.5"]
[White "Huschens, Matthias"]
[Black "Stocek, Jiri"]
[Result "0-1"]
[WhiteElo "1950"]
[BlackElo "2547"]
[PlyCount "80"]
[EventDate "2016.??.??"]
[WhiteTeam "SG Kaiserslautern"]
[BlackTeam "SC Garching"]

1. d4 Nf6 2. Nf3 e6 3. e3 b6 4. Bd3 Bb7 5. Nbd2 c5 6. c3 Nc6 7. O-O Qc7 8. h3
cxd4 9. exd4 Be7 10. Qe2 Nd5 11. Nc4 f5 12. Nfe5 O-O 13. Nxc6 Qxc6 14. Ne5 Nxc3
15. Nxc6 Nxe2+ 16. Bxe2 Bxc6 17. Rd1 a5 18. a4 Rfc8 19. Be3 Kf7 20. Bd3 Bd5 21.
Rdc1 Bf6 22. f4 Ke7 23. g3 Kd6 24. Kf2 Rc6 25. Bb5 Rxc1 26. Rxc1 Bc6 27. Ke2
Bxb5+ 28. axb5 a4 29. Kd3 Kd5 30. Rc7 d6 31. Rc6 a3 32. bxa3 Rxa3+ 33. Ke2 Ke4
34. Bf2 Ra2+ 35. Kf1 Rb2 36. Rxd6 Kf3 37. Be1 Rxb5 38. Rxe6 Bxd4 39. Rd6 Be3
40. Rd1 Rb2 0-1

[Event "Sparkassen-Open A"]
[Site "Heusenstamm, Martinsee"]
[Date "2016.11.27"]
[Round "1.6"]
[White "Sumets, Andrey"]
[Black "Kolker, Vladislav"]
[Result "1-0"]
[WhiteElo "2559"]
[BlackElo "2007"]
[PlyCount "59"]
[EventDate "2016.??.??"]
[WhiteTeam "SF Lilienthal"]
[BlackTeam "SC Bad Nauheim"]

1. d4 d5 2. c4 e6 3. Nf3 c6 4. Nbd2 Nf6 5. g3 Nbd7 6. Bg2 Bd6 7. O-O O-O 8. Qc2
e5 9. cxd5 cxd5 10. dxe5 Nxe5 11. Nxe5 Bxe5 12. Nf3 Bd6 13. b3 Re8 14. Bb2 Be6
15. Ng5 h6 16. Nxe6 fxe6 17. Rfd1 Qe7 18. e4 Nxe4 19. Bxe4 dxe4 20. Qxe4 Rad8
21. Rac1 a6 22. Kg2 Rc8 23. Rxc8 Rxc8 24. Bxg7 Kxg7 25. Qd4+ Kf7 26. Qxd6 Qxd6
27. Rxd6 Rc7 28. Rb6 Kf6 29. a4 Kf5 30. Kh3 1-0

[Event "Sparkassen-Open A"]
[Site "Heusenstamm, Martinsee"]
[Date "2016.11.27"]
[Round "1.7"]
[White "Rettig, Helge"]
[Black "Sadzikowski, Daniel"]
[Result "0-1"]
[WhiteElo "2004"]
[BlackElo "2538"]
[PlyCount "48"]
[EventDate "2016.??.??"]
[WhiteTeam "SF Verl"]
[BlackTeam "SC Heusenstamm"]

1. d4 Nf6 2. c4 e6 3. Nc3 Bb4 4. Qc2 O-O 5. Bg5 h6 6. Bh4 c5 7. e3 cxd4 8. exd4
d5 9. a3 Bxc3+ 10. bxc3 Nbd7 11. Nf3 Qa5 12. Nd2 b6 13. Bd3 Ba6 14. O-O Rac8
15. Qb3 dxc4 16. Bxc4 Bxc4 17. Nxc4 Qd5 18. Nd2 Qxb3 19. Nxb3 Rxc3 20. Rab1
Rfc8 21. Bg3 Nd5 22. Rfc1 a5 23. a4 R8c4 24. Kf1 Rxb3 0-1

[Event "Sparkassen-Open A"]
[Site "Heusenstamm, Martinsee"]
[Date "2016.11.27"]
[Round "1.8"]
[White "Schröder, Jan-Christian"]
[Black "Niebergall, Gerhard"]
[Result "1-0"]
[WhiteElo "2521"]
[BlackElo "2001"]
[PlyCount "83"]
[EventDate "2016.??.??"]
[WhiteTeam "SV Hofheim"]
[BlackTeam "SC Heitersheim"]

1. e4 c5 2. Nf3 g6 3. d4 cxd4 4. Nxd4 Nc6 5. c4 Nf6 6. Nc3 Nxd4 7. Qxd4 d6 8.
Be3 Bg7 9. f3 O-O 10. Qd2 Be6 11. Rc1 a6 12. Be2 Nd7 13. O-O f5 14. exf5 Rxf5
15. b3 Qa5 16. f4 Rff8 17. Bf3 Rab8 18. Rfe1 Bh6 19. Nd5 Qd8 20. Bd4 Ne5 21.
Qe2 Nxf3+ 22. Qxf3 Bxd5 23. Qxd5+ Rf7 24. Rcd1 Bg7 25. Ba7 Ra8 26. Bf2 Qc7 27.
g3 Qc6 28. Qe6 Qc8 29. Kg2 Qc6+ 30. Rd5 Raf8 31. a4 Kh8 32. Qe4 e5 33. Be3 exf4
34. Bxf4 Kg8 35. Bxd6 Rf2+ 36. Kh3 Qc8+ 37. Qe6+ Qxe6+ 38. Rxe6 R8f3 39. Bc5
Rc2 40. Re8+ Kf7 41. Re7+ Kf6 42. Rxb7 1-0

[Event "Sparkassen-Open A"]
[Site "Heusenstamm, Martinsee"]
[Date "2016.11.27"]
[Round "1.9"]
[White "Blübaum, Johanna"]
[Black "Kollars, Dmitrij"]
[Result "0-1"]
[WhiteElo "1974"]
[BlackElo "2501"]
[PlyCount "68"]
[EventDate "2016.??.??"]
[WhiteTeam "SV Königsspringer Lemgo"]
[BlackTeam "Hamburger SK"]

1. d4 Nf6 2. c4 g6 3. Nc3 Bg7 4. e4 d6 5. Nf3 O-O 6. Be2 e5 7. Be3 c6 8. O-O
exd4 9. Nxd4 Re8 10. Qc2 Qe7 11. f3 d5 12. cxd5 Nxd5 13. Nxd5 cxd5 14. Rac1 Bd7
15. Nb5 Na6 16. Qd2 Rad8 17. Qxd5 Be6 18. Qg5 Bf6 19. Qh6 Bxb2 20. Rc2 Bg7 21.
Qg5 Bf6 22. Qh6 Rc8 23. Rfc1 Rxc2 24. Rxc2 Qb4 25. a3 Qb3 26. Rc1 Bg7 27. Qf4
Be5 28. Qh6 Qb2 29. Kf1 Bd7 30. Nxa7 Nc7 31. Bc5 Ne6 32. Be3 Qxa3 33. Kf2 Nd4
34. f4 Bg7 0-1

[Event "Sparkassen-Open A"]
[Site "Heusenstamm, Martinsee"]
[Date "2016.11.27"]
[Round "1.10"]
[White "Kveinys, Aloyzas"]
[Black "Köllner, Ruben Gideon"]
[Result "1-0"]
[WhiteElo "2499"]
[BlackElo "1979"]
[PlyCount "229"]
[EventDate "2016.??.??"]
[WhiteTeam "vereinslos"]
[BlackTeam "SG Bochum"]

1. d4 d6 2. e4 Nf6 3. Nc3 e5 4. Nf3 exd4 5. Nxd4 Be7 6. Bf4 O-O 7. Qd2 Nc6 8.
O-O-O Nxd4 9. Qxd4 Be6 10. f3 Nd7 11. Nd5 Nb6 12. Nxe7+ Qxe7 13. Kb1 f6 14. c4
Qf7 15. Rc1 Nd7 16. Be2 b5 17. b3 b4 18. Be3 a5 19. Qd2 Nc5 20. Bxc5 dxc5 21.
Qe3 Qe7 22. g4 a4 23. bxa4 Rxa4 24. Bd1 Ra3 25. Bb3 Bd7 26. Qd2 Ba4 27. Bxa4
Rxa4 28. Qd5+ Kh8 29. Rhd1 Ra3 30. f4 b3 31. axb3 Rxb3+ 32. Kc2 Rb4 33. Kc3
Rfb8 34. Rb1 Rxb1 35. Rxb1 Rd8 36. Qc6 h6 37. Rb7 Qd6 38. Qxd6 cxd6 39. Rc7 Re8
40. Kd3 Rd8 41. h4 Kg8 42. h5 Kf8 43. Ra7 Kg8 44. Ke3 Kf8 45. Kf3 Rb8 46. Rd7
Rb3+ 47. Ke2 Rc3 48. Rxd6 Rxc4 49. Kd3 Ra4 50. Rc6 Rd4+ 51. Ke3 Rc4 52. Rc7
Rc3+ 53. Ke2 Rc4 54. Kd3 Rd4+ 55. Ke3 Rc4 56. Rd7 Rc3+ 57. Rd3 Rc4 58. Ra3 Ke7
59. Ra7+ Kf8 60. Rd7 Rc3+ 61. Ke2 Rc4 62. Kd3 Ra4 63. Rd5 Ra3+ 64. Kd2 Ra4 65.
Ke3 Ra3+ 66. Rd3 Ra1 67. Rc3 Re1+ 68. Kd3 Rf1 69. Ke3 Re1+ 70. Kf3 Rf1+ 71. Kg3
Rg1+ 72. Kf2 Rxg4 73. Kf3 Rg1 74. Rxc5 Ke7 75. Rc6 f5 76. e5 Rh1 77. Rc7+ Kf8
78. Ke3 Rd1 79. Ra7 Rd8 80. Ra2 Ke7 81. Rg2 Kf7 82. Rd2 Ra8 83. Rd7+ Kf8 84.
Kd4 Ra5 85. Rc7 Ra8 86. Kd5 Re8 87. Kd6 Kg8 88. Re7 Rd8+ 89. Ke6 Rf8 90. Rd7
Re8+ 91. Re7 Rf8 92. Kd7 Kh7 93. e6 Ra8 94. Re8 Ra7+ 95. Kd6 Ra6+ 96. Ke7 Ra7+
97. Kf8 g5 98. Re7+ Rxe7 99. Kxe7 g4 100. Kf6 g3 101. e7 g2 102. e8=Q g1=Q 103.
Qd7+ Kh8 104. Qc8+ Kh7 105. Qxf5+ Kh8 106. Qc8+ Kh7 107. Qd7+ Kh8 108. Qe8+ Kh7
109. Qg6+ Qxg6+ 110. hxg6+ Kg8 111. f5 Kf8 112. g7+ Kg8 113. Kg6 h5 114. f6 h4
115. f7# 1-0

[Event "Sparkassen-Open A"]
[Site "Heusenstamm, Martinsee"]
[Date "2016.11.27"]
[Round "1.11"]
[White "Krastev, Alexander"]
[Black "Wieczorek, Oskar"]
[Result "0-1"]
[WhiteElo "1981"]
[BlackElo "2465"]
[PlyCount "78"]
[EventDate "2016.??.??"]
[WhiteTeam "Biebertaler SF"]
[BlackTeam "SC Heusenstamm"]

1. e4 c5 2. Nc3 e6 3. Nf3 Nc6 4. g3 d6 5. Bg2 Nf6 6. O-O Be7 7. d4 cxd4 8. Nxd4
Bd7 9. Ndb5 Qb8 10. Bg5 a6 11. Bxf6 gxf6 12. Nd4 b5 13. Re1 Qb6 14. Nxc6 Bxc6
15. Qe2 Ra7 16. Rad1 Rc7 17. Qh5 Bb7 18. Rd2 b4 19. Ne2 Qc5 20. Nf4 Qxh5 21.
Nxh5 O-O 22. f4 Rfc8 23. Ree2 a5 24. f5 e5 25. Bf3 a4 26. g4 a3 27. b3 Rc3 28.
Kg2 R8c6 29. h4 Bd8 30. Rf2 Kf8 31. Bd1 Ke7 32. g5 fxg5 33. hxg5 Bb6 34. f6+
Kd8 35. Rf5 Be3 36. Rd5 Rxc2+ 37. Bxc2 Rxc2+ 38. Kf3 Bxd5 39. exd5 Bd4 0-1

[Event "Sparkassen-Open A"]
[Site "Heusenstamm, Martinsee"]
[Date "2016.11.27"]
[Round "1.12"]
[White "Carlstedt, Jonathan"]
[Black "Schindelmeiser, Frank"]
[Result "1-0"]
[WhiteElo "2438"]
[BlackElo "1981"]
[PlyCount "61"]
[EventDate "2016.??.??"]
[WhiteTeam "Hamburger SK"]
[BlackTeam "SV Oberursel"]

1. e4 c5 2. Nf3 g6 3. c3 Qa5 4. Na3 Nc6 5. Nc4 Qc7 6. d4 b5 7. Ne3 Bg7 8. Nd5
Qa5 9. b4 cxb4 10. cxb4 Qd8 11. Bf4 d6 12. Bxb5 Bd7 13. Rc1 Rc8 14. Qa4 e6 15.
Rxc6 Rxc6 16. Bxc6 exd5 17. Bxd6 dxe4 18. Ne5 Bxe5 19. dxe5 Ne7 20. b5 Qb6 21.
Bxe7 Kxe7 22. Qa3+ Kd8 23. O-O Bxc6 24. bxc6 Qxc6 25. Rd1+ Ke8 26. Rc1 Qd7 27.
h3 Rg8 28. Qa6 Kd8 29. Qf6+ Ke8 30. Rb1 Qc7 31. e6 1-0

[Event "Sparkassen-Open A"]
[Site "Heusenstamm, Martinsee"]
[Date "2016.11.27"]
[Round "1.13"]
[White "Mehringer, Jörg"]
[Black "Dubiel, Jacek"]
[Result "0-1"]
[WhiteElo "1965"]
[BlackElo "2422"]
[PlyCount "104"]
[EventDate "2016.??.??"]
[WhiteTeam "Schachpinguine Berlin"]
[BlackTeam "SV Oberursel"]

1. e4 c5 2. g3 Nc6 3. Bg2 g6 4. Ne2 Bg7 5. O-O d6 6. c3 e5 7. d3 Nge7 8. Be3
Be6 9. Na3 f5 10. Qd2 O-O 11. Nc2 Qd7 12. f3 Rad8 13. c4 Nd4 14. Nc3 f4 15. Bf2
fxg3 16. Bxg3 Nxc2 17. Qxc2 Bh6 18. Be1 Nc6 19. Ne2 Nd4 20. Nxd4 cxd4 21. Bd2
Bf4 22. Bxf4 Rxf4 23. Qf2 Qg7 24. Qg3 Qh6 25. Rad1 Rc8 26. Rf2 b6 27. Re2 Rh4
28. b4 Rh5 29. Kh1 Bd7 30. Rg1 Rf8 31. Rd1 Rf4 32. Rdd2 Rg5 33. Qe1 Rh5 34. Qg3
Rg5 35. Qe1 Rh4 36. Bf1 Rgh5 37. Qg3 Qf8 38. b5 Rf4 39. Bg2 Qh6 40. Bf1 Rg5 41.
Qf2 Qh5 42. Bg2 Rxg2 43. Qxg2 Bh3 44. Qg1 Qxf3+ 45. Rg2 Kg7 46. Qb1 Rg4 47. Qg1
Kh6 48. Rdf2 Bxg2+ 49. Rxg2 Kh5 50. Qf2 Qxg2+ 51. Qxg2 Rxg2 52. Kxg2 Kg4 0-1

[Event "Sparkassen-Open A"]
[Site "Heusenstamm, Martinsee"]
[Date "2016.11.27"]
[Round "1.14"]
[White "Noe, Christopher"]
[Black "Rudolph, Lukas"]
[Result "1-0"]
[WhiteElo "2422"]
[BlackElo "1874"]
[PlyCount "43"]
[EventDate "2016.??.??"]
[WhiteTeam "SC Eppingen"]
[BlackTeam "SK Niederbrechen"]

1. d4 d5 2. c4 c6 3. Nc3 e6 4. Nf3 Bd6 5. e4 dxe4 6. Nxe4 Bb4+ 7. Bd2 Bxd2+ 8.
Qxd2 Nf6 9. Bd3 O-O 10. O-O-O Na6 11. h4 c5 12. Nxf6+ Qxf6 13. Ng5 g6 14. Nxh7
Kxh7 15. h5 Kg8 16. hxg6 fxg6 17. Rh6 Qxd4 18. Rdh1 Bd7 19. Rxg6+ Kf7 20. Rh7+
Ke8 21. Qg5 Qd6 22. Rg8 1-0

[Event "Sparkassen-Open A"]
[Site "Heusenstamm, Martinsee"]
[Date "2016.11.27"]
[Round "1.15"]
[White "Sanati, Charlotte"]
[Black "Keymer, Vincent"]
[Result "0-1"]
[WhiteElo "1961"]
[BlackElo "2419"]
[PlyCount "94"]
[EventDate "2016.??.??"]
[WhiteTeam "SG Trier"]
[BlackTeam "SK Gau-Algesheim"]

1. d4 d5 2. c4 c6 3. Nc3 Nf6 4. Nf3 dxc4 5. a4 Bf5 6. e3 e6 7. Bxc4 Bb4 8. Bd2
O-O 9. O-O Nbd7 10. Qb3 a5 11. Ne2 Qb6 12. Ng3 Bg6 13. Rfd1 Rfe8 14. Nh4 Bxd2
15. Rxd2 Ne4 16. Nxe4 Bxe4 17. Qxb6 Nxb6 18. Bd3 Bd5 19. b3 g5 20. Nf3 Bxf3 21.
gxf3 Rad8 22. Rad1 Nd5 23. Bc4 Nb4 24. e4 Rd7 25. Kg2 Red8 26. Kg3 e5 27. d5
cxd5 28. exd5 Rd6 29. Kg4 h6 30. Kf5 Re8 31. h4 gxh4 32. Rh1 Nc6 33. Rxh4 Nd4+
34. Rdxd4 exd4 35. Rxd4 Kf8 36. Rg4 Re7 37. Rh4 Rg6 38. Rh5 Re1 39. Kf4 Rf6+
40. Rf5 Rxf5+ 41. Kxf5 Ke7 42. f4 Rd1 43. Ke5 h5 44. f5 f6+ 45. Kf4 Rg1 46. Be2
h4 47. Bg4 Kd6 0-1

[Event "Sparkassen-Open A"]
[Site "Heusenstamm, Martinsee"]
[Date "2016.11.27"]
[Round "1.16"]
[White "Telljohann, Sven"]
[Black "Seifert, Norbert"]
[Result "1-0"]
[WhiteElo "2408"]
[BlackElo "1961"]
[PlyCount "89"]
[EventDate "2016.??.??"]
[WhiteTeam "Frankfurter TV"]
[BlackTeam "vereinslos"]

1. Nf3 c5 2. g3 b6 3. Bg2 Bb7 4. O-O Nf6 5. c4 g6 6. Nc3 Bg7 7. d3 O-O 8. e4 d6
9. Nh4 Nc6 10. f4 Nd4 11. e5 Bxg2 12. exf6 Bxf1 13. fxg7 Kxg7 14. Qxf1 e6 15.
Qf2 Qd7 16. Be3 Nc6 17. Rd1 Rad8 18. Nf3 Ne7 19. d4 Qc6 20. d5 exd5 21. cxd5
Qd7 22. b3 Rfe8 23. Bc1 h6 24. Kg2 b5 25. b4 Rc8 26. bxc5 dxc5 27. Ne5 Qb7 28.
Kg1 Red8 29. d6 Nf5 30. d7 Rc7 31. Nd5 Nd4 32. Nxc7 Qxc7 33. Bb2 f6 34. Bxd4
cxd4 35. Nf3 Rxd7 36. Rxd4 Re7 37. f5 Qc8 38. fxg6 Qe8 39. Rd2 Re3 40. Nd4 Re1+
41. Kg2 Kxg6 42. Qf5+ Kg7 43. Qxb5 Rg1+ 44. Kh3 Qc8+ 45. Qf5 1-0

[Event "Sparkassen-Open A"]
[Site "Heusenstamm, Martinsee"]
[Date "2016.11.27"]
[Round "1.17"]
[White "Iliev, Mustafa Batuhan"]
[Black "Weichhold, Pawel"]
[Result "0-1"]
[WhiteElo "1959"]
[BlackElo "2407"]
[PlyCount "124"]
[EventDate "2016.??.??"]
[WhiteTeam "SV Großauheim"]
[BlackTeam "SC Heusenstamm"]

1. e4 c5 2. Nf3 Nc6 3. d4 cxd4 4. Nxd4 g6 5. g3 Bg7 6. Ne2 Nf6 7. Bg2 O-O 8.
O-O d6 9. h3 Rb8 10. a4 a6 11. Nbc3 b5 12. axb5 axb5 13. Nd5 Nd7 14. c3 e6 15.
Nb4 Nxb4 16. cxb4 Ne5 17. Ra7 Nc6 18. Ra3 Qe7 19. Bf4 e5 20. Bd2 Be6 21. Bc3
Rfd8 22. Nc1 Qd7 23. Kh2 d5 24. exd5 Bxd5 25. Nb3 Bxg2 26. Qxd7 Rxd7 27. Kxg2
Bf8 28. Na5 Nd4 29. Bxd4 exd4 30. Rd3 Rc8 31. Rfd1 Bg7 32. Nb3 Rd5 33. R1d2 h5
34. Kf1 Kh7 35. Kg2 g5 36. Nc5 Kg6 37. g4 Ra8 38. Kf3 Rh8 39. Kg2 hxg4 40. hxg4
Rh4 41. f3 Rd8 42. Nb3 Rdh8 43. Nxd4 Rh2+ 44. Kf1 Rh1+ 45. Kf2 R8h2+ 46. Ke3
Re1+ 47. Ne2 Be5 48. Ke4 Rexe2+ 49. Rxe2 Rxe2+ 50. Kd5 Bxb2 51. Kc6 Re5 52.
Rd6+ Re6 53. Rxe6+ fxe6 54. Kxb5 Kf6 55. Kc6 Ke5 56. b5 Bd4 57. Kd7 Kd5 58. Ke7
Kc5 59. Kxe6 Be3 60. Ke5 Bf4+ 61. Ke4 Kxb5 62. Kd3 Kc5 0-1

[Event "Sparkassen-Open A"]
[Site "Heusenstamm, Martinsee"]
[Date "2016.11.27"]
[Round "1.18"]
[White "Milov, Leonid"]
[Black "Feicht, Arno"]
[Result "1-0"]
[WhiteElo "2406"]
[BlackElo "1957"]
[PlyCount "53"]
[EventDate "2016.??.??"]
[WhiteTeam "SC Noris-Tarrasch Nürnberg"]
[BlackTeam "SV Alsfeld"]

1. e4 c5 2. Nf3 Nc6 3. d4 cxd4 4. Nxd4 e5 5. Nb5 d6 6. N1c3 a6 7. Na3 Be7 8.
Nd5 Nf6 9. Nxf6+ Bxf6 10. Nc4 O-O 11. c3 b5 12. Nxd6 Be6 13. Be3 Qc7 14. Nf5
Rfd8 15. Qf3 Na5 16. Be2 Nc4 17. Bc1 Qd7 18. Nh6+ Kh8 19. Ng4 Nd2 20. Qe3 Nc4
21. Qg3 Nxb2 22. Nxf6 gxf6 23. Qh4 Nd3+ 24. Bxd3 Qxd3 25. Qxf6+ Kg8 26. Qg5+
Kh8 27. Qxe5+ 1-0

[Event "Sparkassen-Open A"]
[Site "Heusenstamm, Martinsee"]
[Date "2016.11.27"]
[Round "1.19"]
[White "Weil, Michael"]
[Black "Zeller, Frank"]
[Result "0-1"]
[WhiteElo "1957"]
[BlackElo "2402"]
[PlyCount "78"]
[EventDate "2016.??.??"]
[WhiteTeam "SC Steinbach"]
[BlackTeam "SK Schwäbisch Hall"]

1. d4 Nf6 2. Nf3 c5 3. e3 g6 4. Bd3 Bg7 5. O-O O-O 6. b3 cxd4 7. exd4 Nc6 8. a3
d5 9. Bb2 Nh5 10. c3 Nf4 11. Bc2 e5 12. Bc1 Ne6 13. Nxe5 Nxe5 14. dxe5 Bxe5 15.
f4 Bf6 16. f5 Ng7 17. Bh6 Re8 18. Qg4 Qb6+ 19. Kh1 Bxf5 20. Qd1 Bxc2 21. Qxc2
Nf5 22. Bf4 Rac8 23. g4 Ne3 24. Bxe3 Qxe3 25. Qg2 Re6 26. Ra2 Qg5 27. Raf2 Rce8
28. Nd2 Bxc3 29. Nf3 Qe7 30. h4 Be1 31. Rc2 Bxh4 32. Qh2 Bf6 33. Rc7 Re2 34.
Qf4 Qe6 35. Rxb7 Re4 36. Qh2 Rxg4 37. Qh3 Rh4 38. Qxh4 Bxh4 39. Nxh4 Qh3+ 0-1

[Event "Sparkassen-Open A"]
[Site "Heusenstamm, Martinsee"]
[Date "2016.11.27"]
[Round "1.20"]
[White "Margolin, Boris"]
[Black "Rutsatz, Mario"]
[Result "1-0"]
[WhiteElo "2391"]
[BlackElo "1956"]
[PlyCount "95"]
[EventDate "2016.??.??"]
[WhiteTeam "SV Oberursel"]
[BlackTeam "SF Frankfurt"]

1. e4 e6 2. Qe2 c5 3. Nf3 Nc6 4. g3 Nge7 5. Bg2 g6 6. O-O Bg7 7. c3 d5 8. d3 b6
9. Rd1 Ba6 10. Qc2 O-O 11. a4 Qd7 12. Na3 Rad8 13. exd5 exd5 14. Bf4 h6 15. h4
d4 16. c4 Bb7 17. Qd2 Kh7 18. Re1 a6 19. Nc2 a5 20. Na3 Nc8 21. Nb5 Qf5 22. Nh2
Qd7 23. Rad1 Rde8 24. Rxe8 Rxe8 25. Nc7 Rd8 26. Nd5 Nb4 27. Nxb4 Bxg2 28. Kxg2
axb4 29. b3 Re8 30. Re1 Bf8 31. Ng4 Qc6+ 32. Kg1 Rxe1+ 33. Qxe1 h5 34. Ne5 Qe6
35. Qd2 Bd6 36. Nf3 Bxf4 37. Qxf4 Kg7 38. Qc7 Qf5 39. Ng5 Kg8 40. Nxf7 Qxf7 41.
Qxc8+ Kg7 42. a5 bxa5 43. Qxc5 Qf3 44. Qxd4+ Kf7 45. c5 Qd1+ 46. Kg2 Qxb3 47.
Qd7+ Kf6 48. c6 1-0

[Event "Sparkassen-Open A"]
[Site "Heusenstamm, Martinsee"]
[Date "2016.11.27"]
[Round "1.21"]
[White "Budde, Michael"]
[Black "Barski, Radoslaw"]
[Result "0-1"]
[WhiteElo "1954"]
[BlackElo "2387"]
[PlyCount "82"]
[EventDate "2016.??.??"]
[WhiteTeam "SC Flörsheim"]
[BlackTeam "SC Heusenstamm"]

1. d4 Nf6 2. Bg5 c5 3. d5 Ne4 4. Bf4 e6 5. f3 Nf6 6. c4 exd5 7. cxd5 d6 8. e4
g6 9. Ne2 Bg7 10. Nec3 O-O 11. Be2 Nh5 12. Be3 f5 13. O-O f4 14. Bf2 Nd7 15.
Nd2 Ne5 16. Nc4 Qg5 17. Kh1 Nxc4 18. Bxc4 Ng3+ 19. hxg3 fxg3 20. Bxg3 Qxg3 21.
Qe1 Qg5 22. Ne2 Bxb2 23. Rb1 Be5 24. Rb3 Qh5+ 25. Kg1 g5 26. Kf2 b6 27. Rh1 Qg6
28. Ke3 Bd7 29. Bb5 Bxb5 30. Rxb5 Rab8 31. Qb1 Rbe8 32. a4 g4 33. Rf1 Bg7 34.
a5 Qg5+ 35. f4 Qxd5 36. Rd1 Qc6 37. axb6 Rxe4+ 38. Qxe4 Re8 39. Qxe8+ Qxe8+ 40.
Kd2 Qxb5 41. bxa7 Qa5+ 0-1

[Event "Sparkassen-Open A"]
[Site "Heusenstamm, Martinsee"]
[Date "2016.11.27"]
[Round "1.22"]
[White "Solonar, Stefan"]
[Black "Junker, Christian"]
[Result "1-0"]
[WhiteElo "2325"]
[BlackElo "1954"]
[PlyCount "105"]
[EventDate "2016.??.??"]
[WhiteTeam "SC Heusenstamm"]
[BlackTeam "SV Neu-Isenburg"]

1. c4 f5 2. Nc3 Nf6 3. g3 e6 4. Bg2 Be7 5. e4 fxe4 6. Nxe4 O-O 7. Qb3 c6 8. Ne2
d5 9. Nxf6+ Bxf6 10. d4 b6 11. cxd5 cxd5 12. Be3 Nc6 13. Rc1 Na5 14. Qd1 Ba6
15. b3 Rc8 16. Rxc8 Bxc8 17. O-O Qe7 18. Nf4 Qb4 19. Bh3 Qd6 20. Re1 Nc6 21.
Nh5 Qe7 22. Qd3 Nb4 23. Qd2 Bd7 24. Nxf6+ gxf6 25. a3 Nc6 26. b4 Qf7 27. Bf4
Re8 28. Bd6 Qh5 29. Bg2 Qg4 30. f4 Nd8 31. Qc2 Nc6 32. Qd3 Qg6 33. f5 Qg4 34.
Bf4 Qh5 35. Rc1 Rc8 36. Bf3 Qf7 37. fxe6 Bxe6 38. Qe3 Qd7 39. Be2 Ne7 40. Re1
Nf5 41. Qd2 Nd6 42. Bxd6 Qxd6 43. Rf1 Rf8 44. Qh6 Qe7 45. Bd3 f5 46. Re1 Rf6
47. Qf4 Qg7 48. Be2 h6 49. Bf3 Kh7 50. h4 Rg6 51. Kf2 Qf6 52. Re5 Qf7 53. Bh5
1-0

[Event "Sparkassen-Open A"]
[Site "Heusenstamm, Martinsee"]
[Date "2016.11.27"]
[Round "1.23"]
[White "Vangsgaard, Freja"]
[Black "Donchenko, Anatoly"]
[Result "0-1"]
[WhiteElo "1948"]
[BlackElo "2317"]
[PlyCount "66"]
[EventDate "2016.??.??"]
[WhiteTeam "Vejlby-Risskov"]
[BlackTeam "SK Gießen"]

1. d4 d5 2. c4 dxc4 3. Nc3 a6 4. e3 Nf6 5. Bxc4 e6 6. Nf3 c5 7. O-O b5 8. Be2
Bb7 9. dxc5 Bxc5 10. Qxd8+ Kxd8 11. a3 Nbd7 12. b4 Bd6 13. Rb1 Rc8 14. Rd1 Ke7
15. Bd2 Nb6 16. Be1 Rhd8 17. Nd4 Be5 18. a4 Ne4 19. Nxe4 Bxe4 20. Rbc1 Nxa4 21.
Nf3 Bb2 22. Rxd8 Rxc1 23. Rd1 Rc7 24. Nd4 e5 25. Nf3 f6 26. Kf1 Bc2 27. Rd2 Bc1
28. Rxc2 Rxc2 29. Bd3 Rc7 30. Bxh7 Bb2 31. Be4 Bc3 32. Bxc3 Nxc3 33. Bd3 Na2
0-1

[Event "Sparkassen-Open A"]
[Site "Heusenstamm, Martinsee"]
[Date "2016.11.27"]
[Round "1.24"]
[White "Boe, Mads"]
[Black "Bernhart, Joseph"]
[Result "1-0"]
[WhiteElo "2312"]
[BlackElo "1945"]
[PlyCount "71"]
[EventDate "2016.??.??"]
[WhiteTeam "SG Turm Kiel"]
[BlackTeam "SG Kaiserslautern"]

1. e4 d5 2. exd5 Qxd5 3. Nc3 Qd8 4. Bc4 Nf6 5. Nf3 a6 6. a4 Nc6 7. d4 Bf5 8. d5
Nb4 9. Bb3 c6 10. dxc6 Qxd1+ 11. Nxd1 Nxc6 12. Ne3 Bg6 13. Nh4 e6 14. Nxg6 hxg6
15. c3 Ne5 16. Bc2 Rd8 17. Ke2 Bd6 18. h3 g5 19. Rd1 Nh5 20. Ng4 Nxg4 21. hxg4
Nf4+ 22. Kf3 f6 23. g3 Rh3 24. Be3 Nd5 25. Bd4 Kf7 26. Bb3 Bc7 27. Rd2 Rhh8 28.
Rad1 Rhe8 29. Bc5 Ne7 30. Rd7 Rc8 31. Re1 Be5 32. Bd4 Bxd4 33. cxd4 Rcd8 34.
Rxb7 Rxd4 35. Rxe6 Rd3+ 36. Re3+ 1-0